[Event "Millionaire Chess Open"]
[Site "Atlantic City"]
[Date "2016.10.09"]
[Round "7"]
[White "Shimanov, Aleksandr"]
[Black "Hambleton, Aman"]
[Result "0-1"]
[WhiteElo "2650"]
[BlackElo "2436"]
[Annotator "Aman Hambleton"]
[PlyCount "130"]
[EventDate "2016.08.??"]
[EventType "swiss"]
[EventCountry "USA"]
[SourceTitle "Chess Canada"]
[Source "CFC"]
[SourceDate "2017.10.01"]
[SourceVersion "1"]
[SourceVersionDate "2018.04.02"]
[SourceQuality "1"]

{[%mdl 32768] In Round 7 of the Millionaire Chess Open I was paired against a
2650 GM from Russia, Aleksandr Shimanov. After winning a few games in a row I
found myself playing a much stronger player than I expected. Whatever
preparation I had done was useless once I saw my opponent's opening choice.} 1.
d4 e6 2. Nf3 Nf6 3. Bf4 {[#] The London System, feared by many because of...  
how dull and annoying it can be to play against. After Magnus Carlsen used
this opening, with varied success, it has become incredibly fashionable at all
levels of play.} c5 4. e3 Nc6 5. Nbd2 Be7 (5... d5 6. c3 Bd6 7. Bg3 O-O 8. Bd3
b6 9. Ne5 Bb7 $11 {is the main line}) 6. h3 cxd4 7. exd4 b6 8. c3 Bb7 9. Bd3
O-O 10. O-O Re8 11. Re1 d6 {[#] There are many ways to play against this
system, but I always try to avoid playing ...d5, which gives White easy play
with Ne5 and Ndf3.} 12. Bh2 Rc8 13. a4 Bf8 14. Nc4 h6 15. Bf1 Qd7 16. Nfd2 Red8
{[#]} 17. Bg3 ({I had intended to meet} 17. a5 {with} b5 18. a6 bxc4 19. axb7
Qxb7 {but I missed the strong continuation} 20. b3 $1 $16 {when} cxb3 21. Ba6 {
is very good for White.}) 17... Be7 18. Qb3 Na5 $1 {This move doesn't feel
right, giving Black doubled and isolated a-pawns, but it was the trap I
prepared against White's natural move Qb3.} 19. Nxa5 bxa5 20. Qb5 Qc7 21. Rac1
(21. Nc4 Bd5 $1 22. Nxa5 Ne4 23. Bh2 Rb8 $19) 21... Bc6 22. Qc4 Nh5 {[#]
Taking advantage of White's 17th move and activating the pieces with tempo.}
23. Bh2 Bg5 24. Rc2 Qb7 25. Qa2 Nf4 26. f3 e5 $1 {The last five moves have all
come with tempo; Black's position is improving with each move, but I was
spending too much time to find the right plan. Time pressure started to become
a big factor around this point in the game.} 27. dxe5 dxe5 28. Nc4 {[#]} e4 $2
{Based on how badly White's pieces are placed I assumed that any move to open
the position would be in my favour, but I commit an error in time pressure} (
28... Bd5 $1 29. b3 Be6 30. Rxe5 Rd1 $15 {with a big initiative for Black.})
29. fxe4 Bxe4 30. Rf2 Nd3 31. Bxd3 Rxd3 32. Nd6 Rxd6 33. Bxd6 Bd5 {With little
time on the clock I am just trying to reach move 40. The two bishops put up
great resistance.} 34. Qb1 Bh4 35. g3 Qd7 $5 {[%mdl 64] Diagram [#]Critical
Position} 36. Bf4 $4 {My opponent played too quickly; and surprisingly White
is dead lost after this move.} (36. Qd3 $1 Qxd6 37. gxh4 $18 {by no means an
easy conversion ahead, but White is definitely winning.}) 36... Bxg3 $8 (36...
Qxh3 $4 37. Rh2 $8 $18) 37. Bxg3 Qxh3 38. Bh2 Qg4+ 39. Kf1 Bc4+ 40. Ree2 Re8 {
[#]} 41. Qc2 (41. Qe1 Rxe2 42. Rxe2 Qf3+ 43. Qf2 Bxe2+ 44. Ke1 Qxf2+ 45. Kxf2
Bd1 {With 3 connected passed pawns the opposite endgame should be easily
winning.}) (41. Qd1 Bxe2+ 42. Rxe2 Qf3+ 43. Ke1 Qh1+ 44. Kd2 Rd8+ $19) 41...
Rxe2 42. Rxe2 Qf3+ 43. Ke1 Qh1+ 44. Kd2 Bxe2 45. Bb8 Bg4 46. Qb3 {[#]} Qg2+ (
46... Qf3 47. Qb5 Qf2+ 48. Kd3 Be2+ $19) 47. Ke3 h5 48. Qb5 Qf3+ 49. Kd4 h4 50.
Qxa5 (50. Qe8+ Kh7 51. Qe4+ Qxe4+ 52. Kxe4 g5 $19) 50... Qf6+ 51. Be5 Qf2+ 52.
Kc4 Be6+ 53. Kd3 h3 {[#]} 54. Qd8+ Kh7 55. Qb8 f6 56. Bg3 Qf3+ 57. Kd4 Qd1+ 58.
Ke3 Qxa4 59. Qd6 Bf5 60. Qd5 {[#]} Qd7 61. Qa8 Qd3+ 62. Kf2 Qd2+ 63. Kf1 Qc1+
64. Be1 Qf4+ 65. Bf2 h2 {After a long endgame I finally managed to convert
after some good fortune near the time control. Shimanov is one of the highest
rated players I've ever beaten, but despite a solid opening it took some help
from my opponent to win this one.} 0-1

[Event "Millionaire Chess Open"]
[Site "Atlantic City"]
[Date "2016.10.10"]
[Round "8"]
[White "Hambleton, Aman"]
[Black "Paragua, Mark"]
[Result "1-0"]
[WhiteElo "2436"]
[BlackElo "2503"]
[Annotator "Aman Hambleton"]
[PlyCount "89"]
[EventDate "2016.08.??"]
[EventType "swiss"]
[EventCountry "USA"]
[SourceTitle "Chess Canada"]
[Source "CFC"]
[SourceDate "2017.10.01"]
[SourceVersion "1"]
[SourceVersionDate "2018.04.02"]
[SourceQuality "1"]

{[%mdl 32768] In round 8 of the Millionaire Chess Open, I was originally
paired against IM Andrey Gorovets. I spent the entire night preparing for what
would have been the Dutch Defense. To my surprise, I arrived to the board the
next morning and found GM Mark Paragua sat across from me. In a very unlucky
series of events, the organizer informed me that after posting the pairings,
they were changed and resubmitted 5 minutes later. I never bothered to check
the pairings twice, which meant I was playing against GM Paragua cold turkey.} 
1. d4 Nf6 2. c4 g6 3. Nc3 d5 4. cxd5 Nxd5 5. Bd2 {[#] One of my favourite ways
to play against the Grunfeld currently. White avoids a lot of theory, but also
sacrifices some of the advantage he obtains in the main lines.} Nb6 (5... Bg7
6. e4 Nxc3 7. Bxc3 {is the main line, showing the purpose of Bd2.}) 6. Nf3 Bg7
7. Qc1 $5 {The alternative is a move like e3, but I prefer to trade my Bishop
before committing my pawn structure.} Nc6 (7... h6 8. e4 Nc6 9. d5 $14 {
Black can't castle because of the h6 pawn.}) 8. Bh6 O-O (8... Bxd4 9. e3 Bf6
10. Be2 Bg4 11. O-O $14) 9. Bxg7 Kxg7 10. e3 {[#]} Re8 $6 (10... Bg4 {the main
move, followed by a quick ...e5} 11. Be2 e5 12. O-O Bxf3 13. Bxf3 exd4 14. Bxc6
bxc6 15. Rd1 c5 $11) 11. Bb5 Bd7 12. O-O a6 13. Be2 {[#] I feel that White
already holds a significant advantage here, although I had difficulty proving
it during the game.} e5 14. d5 (14. dxe5 Nxe5 15. Nxe5 Rxe5 16. Bf3 c6 17. Rd1
Qe7 18. b3 $14) 14... Na7 15. h3 ({Without playing h3 Black's position is too
easy to play with ...Bg4xf3:} 15. a4 Bg4 16. e4 Nac8 17. h3 Bxf3 18. Bxf3 Nd6
19. a5 Nd7 $11) 15... Nac8 16. Rd1 Nd6 {[#]} 17. a4 (17. e4 {was necessary to
stop Black's next move} Na4 18. Nxa4 Bxa4 19. b3 Bd7 $11) 17... e4 18. Nd4 Re5
19. f4 (19. a5 $142 $1 Nxd5 $4 (19... Nbc8 $8) 20. f4 $1 exf3 21. Nxf3 Nxc3 22.
Qxc3 $18) 19... exf3 20. Nxf3 Re8 21. a5 Nbc4 22. Bxc4 Nxc4 23. e4 {[#]} Ne5
24. Rf1 Nxf3+ (24... Qf6 25. Qe3 $14) 25. Rxf3 Re5 26. Qf4 Qe7 {[%mdl 64] [#]
Critical Position} 27. d6 $1 g5 (27... Qxd6 $2 28. Rd1 $18 {overloads the Q.})
(27... cxd6 28. Nd5 Qf8 29. Qf6+ Kg8 30. Qh4 $8 $16) 28. Rg3 Qf6 29. Qxf6+ Kxf6
30. dxc7 Rc8 {[#] I found this position extremely frustrating. It was clear
that I was outplaying my opponent, ahead in material, and very close to a
forced win. However, I couldn't find the winning variation and panicked from
the notion of losing my c7-pawn and ending up slightly worse!} 31. Nd5+ Kg6 32.
Rc1 Bc6 33. Rc5 (33. Rb3 {with the idea of playing Rb6 and Rxc6 was winning on
the spot, although not that easy to see.}) 33... Rxc7 34. Nf4+ (34. b4 $1 Rd7
35. Nf4+ Kf6 36. Nh5+ Ke6 37. Ng7+ Kd6 38. Rd3+ $18 {and we see how the
b4-pawn helps this variation, keeping the Rook defended.}) 34... Kf6 35. Nh5+
Ke6 36. Rxe5+ Kxe5 37. Rxg5+ Kd4 38. Nf6 {[#]} Re7 $2 ({In mutual time
pressure my opponent was scared to play} 38... Bxe4 $1 {in fear of} 39. Rg4 {
but it works tactically:} Ke5 40. Nxe4 f5 $1 $11) 39. Kf2 Re6 40. Rf5 h6 {
Time control was reached, and the position clarifies. Black is losing because
White can easily create a passed pawn on the Kingside.} 41. g4 Kc4 42. Ke3 Kb3
43. h4 Kxb2 {[#]} 44. h5 $1 (44. g5 $2 h5 {is unnecessary: it prolongs the
game and offers Black some valuable tempi which he can use to create
counterplay via a passed pawn on the queenside.}) 44... Rd6 45. g5 {This win
was the second in a row against Grandmasters, and set me up for what I knew
would be a very tough final-round pairing.} 1-0

[Event "Millionaire Chess Open"]
[Site "Atlantic City"]
[Date "2016.10.10"]
[Round "9"]
[White "Shankland, Samuel L"]
[Black "Hambleton, Aman"]
[Result "1/2-1/2"]
[WhiteElo "2678"]
[BlackElo "2436"]
[Annotator "Aman Hambleton"]
[PlyCount "106"]
[EventDate "2016.08.??"]
[EventType "swiss"]
[EventCountry "USA"]
[SourceTitle "Chess Canada"]
[Source "CFC"]
[SourceDate "2017.10.01"]
[SourceVersion "1"]
[SourceVersionDate "2018.04.02"]
[SourceQuality "1"]

{[%mdl 32768] In the final round of the Millionaire Chess Open in Atlantic
City, I played on board three against GM Samuel Shankland, rated around 2680
FIDE at the time. He has a 2-0 lifetime score against me; we played most
recently at the 2014 Olympiad where he won that game in the French Tarrasch.
After a rocky start to the tournament, I beat two GM's in a row and went into
this game with a lot of confidence.} 1. e4 e6 2. d4 d5 3. Nd2 {Admittedly,
although I prepared against this variation, I did not expect Shankland to
repeat the exact line from our previous encounter.} c5 4. exd5 (4. Ngf3 cxd4 5.
Nxd4 Nf6 6. exd5 Qxd5 7. Nb5 Na6 $14 {is another very double-edged variation.
I played a game against Ivanchuk in Edmonton 2015, which ended as a draw.})
4... Qxd5 5. Ngf3 cxd4 6. Bc4 {[#]} Qd7 (6... Qd6 {is perhaps a more common
move, although ...Qd7 is becoming more fashionable. Both are very reasonable
and offer a different way to play. From what I have studied, ...Qd7 is very
direct and contains much less theory.} 7. O-O Nf6 8. Nb3 Nc6 9. Nbxd4 $11) 7.
O-O Nc6 8. Nb3 Nf6 {[#]} 9. Qe2 {We are still following our game together from
the Olympiad in 2014. When I saw Qe2 I was extremely surprised -- I really
expected my opponent to test my French in one of the Tarrasch main lines after
Nbxd4.} (9. Nbxd4 Nxd4 10. Nxd4 a6 11. Bf4 {is the most natural way to play
against the Qd7 setup. Shankland is well-known for his strong preparation, so
I was certainly expecting him to prepare something concrete for me here.}) 9...
a6 10. a4 Bd6 11. Rd1 O-O 12. Nbxd4 {[#] I was very excited at this point,
because we had been following our game up until this point, and now I was
ready to unleash the improvement that I had been practicing and preparing. My
feeling was that Shankland was planning to deviate from 2014 on one of the
next moves, but I beat him to the punch.} e5 $1 (12... Nxd4 13. Rxd4 Qc7 14.
Bg5 e5 15. Rh4 Bf5 16. Bxf6 gxf6 17. Bd3 Bg6 18. Rg4 Rfe8 19. Nh4 e4 $1 $11 20.
Bxe4 Bxh2+ 21. Kh1 Bf4 22. Qf3 Bg5 $11 {(1-0, 94) Samuel Shankland (2624)-Aman
Hambleton (2458) Tromso Ol, 2014.}) 13. Nxc6 Qxc6 14. b3 (14. Bg5 {still gives
White serious chances for an advantage, although Black should be fine. The e5
pawn cannot be taken because of the hanging Bishop on c4.} Bc7 15. Bxf6 Qxf6
16. Bd5 $14) 14... e4 (14... Bg4 $5 15. h3 Bh5 16. g4 Bg6 17. Rxd6 Qxd6 18. Ba3
$14) 15. Nd4 Qe8 $1 {[#] Another move I had prepared on my computer, with the
help of one of my training partners in Montreal. This move, which appears
crazy at first glance, intends ...Qe5 and ...Bg4, creating immense pressure
against the White kingside out of nowhere.} 16. f3 $6 {Perhaps not the best
move, but it's hard to recommend an alternative. To my credit, I forced my
opponent to think for what was now more than 30 minutes in the opening phase
of the game. This is an accomplishment considering my opponent is nearly 2700,
and also known as one of the best theoreticians, especially dangerous in
preparation.} exf3 17. gxf3 Bh3 18. Ba3 Bxa3 {[#]} 19. Qxe8 ({Neglecting to
trade the Queens by playing} 19. Rxa3 $6 {allows Black to gain the upper hand
and exploit the weak Kingside with the major pieces still on the board, e.g.}
Qb8 $1 20. Raa1 Nh5 $15) 19... Rfxe8 20. Rxa3 Rad8 21. Raa1 Nd5 {[#] The Nd5
must be captured, giving Black a very minimal, but lasting advantage with a
better pawn structure, slightly better placed pieces, and a Bishop vs. Knight.}
22. Bxd5 (22. Re1 Ne3 23. Bd3 Kf8 $15 {maintains an advantage.}) 22... Rxd5 23.
Kf2 Red8 24. c3 Rg5 25. Rg1 Rc5 26. Rac1 f6 {[#] After my rook dances along
the fifth rank fighting for the best square available, Black finally starts an
active plan. I intended ...Kf7 followed by ...g5.} 27. Ke3 Kf7 28. Rgd1 Re5+ {
[#]} 29. Kd2 (29. Kf2 {staying on the Kingside where I am trying to create a
passed pawn seemed much more consistent.} Rh5 $15) {[#]} 29... g5 $1 {Starting
an important plan: fixing the pawn on f3 as a weakness on a light square, and
then pushing the h and g-pawns to create a passed pawn on the f-file.} 30. Kc2
f5 31. Re1 Rde8 {Keeping control of the important open file.} 32. Rxe5 Rxe5 {
[%mdl 4096]} 33. Kd2 f4 {[#]} 34. c4 ({The major alternative is:} 34. Re1 Rxe1
35. Kxe1 Kf6 36. a5 Ke5 $15 {I feel that White can hold a draw, but it is a
long and arduous task ahead.}) 34... h5 35. Rc3 Kf6 36. Ne2 (36. c5 $2 {
does not work with my Bishop on h3 because of} Rd5 37. Rd3 Bf1 38. Ne2 Rxd3+
39. Kxd3 Ke5 $19 {This tactic is important to remember for later in the game.})
36... Bf1 37. Nd4 {[#]} a5 $5 (37... g4 {probably just wins on the spot. I
tried to be way too fancy here instead of realizing that it's time to start
creating a passed pawn.} 38. fxg4 hxg4 39. Rc1 Bg2 40. Ne2 f3 41. Ng3 f2 $19)
38. c5 Rd5 39. Ke1 Bh3 (39... Rxd4 40. Kxf1 Rd2 41. c6 $11 {should be enough
counterplay to draw.}) 40. Rc4 Bd7 41. b4 {[#]} Ke5 (41... axb4 42. Rxb4 Re5+
43. Kf2 Rxc5 44. Rxb7 Bxa4 45. h4 $5 {with Ne2 coming next I couldn't be sure
that this would be enough to win.}) 42. c6 bxc6 43. Nxc6+ Bxc6 44. Rxc6 axb4 {
[#] Going into this forced sequence, I was completely sure that the endgame
was winning for Black.} 45. Rb6 Rd3 46. Rxb4 (46. Rb5+ Kd4 47. Rxb4+ Ke3 48. a5
Ra3 $19 {and everything falls.}) 46... Rxf3 47. a5 {[#]} g4 (47... Ra3 {
appears a much easier win, but somehow I convinced myself that} 48. Rb5+ Kf6
49. Kf2 {might be difficult to win with my King cut off. editor - Black wins
with ...h4 and ...h3, and can bring the K around past the R via h5.} h4) 48.
Ra4 g3 49. hxg3 fxg3 50. Ke2 Rf2+ 51. Ke3 {[%mdl 64] [#] Critical Position
Even though 47 ...Ra3 may have been more simple, I did calculate this
variation very thoroughly, and saw it right until the end. Unfortunately, I
chose another move at the very last moment that I considered to be winning as
well, and got tricked.} Rf8 $4 (51... Rf1 $1 52. Ra2 h4 53. a6 h3 54. a7 g2 55.
a8=Q g1=Q+ {queening with check and leading to mate in a few moves.}) ({
editor - The unnatural} 51... Rf5 $1 {prevents the saving maneuver White uses
in the game, and is the only other move that wins.}) 52. a6 (52. Rh4 {This
move scared me as I was debating between ...Rf8 and ...Rf1. Although I knew ...
Rf1 was winning, I thought that this move offered me the chance to win the
brilliancy prize as well as my game! A case of being overly and unnecessarily
fancy -- a real shame.} g2 53. Rxh5+ Kf6 $1 54. Kf2 Kg6+ $19) 52... g2 53. Ra5+
$8 {The in-between move that somehow slipped my calculation because the pawn
used to be on the a5 square. Very sloppy in the last moment of this game.} Kd6
{We agreed to a draw because White simply plays Rg5 and collects my g-pawn.
Instead, ...Kf6 was no better because of Kf2.   I was very proud of my opening
preparation, especially against a player as strong as Shankland -- but to not
finish off the game properly and collect the full point was definitely a sour
taste to end the tournament.} 1/2-1/2